Gwardiak, Janusz. Uczestnicy działań niepodległościowo-rewolucyjnych na ziemi łomżyńskiej 1794-1918. - Łomża : Łomżyńskie Tow. Nauk. im. Wagów. - 2005 [Rezension]

Titel: Gwardiak, Janusz. Uczestnicy działań niepodległościowo-rewolucyjnych na ziemi łomżyńskiej 1794-1918. - Łomża : Łomżyńskie Tow. Nauk. im. Wagów. - 2005 [Rezension]
Verfasser:
In: Studia Łomżyńskie, Band 17 (2006), Seite 409-412
alle Artikel anzeigen
Veröffentlicht: 2006
Format: Aufsatz
Sprache: Polnisch
Kein Bild verfügbar
X
alg: 39512992
001A    $01999:12-11-16 
001B    $01999:04-08-21 $t21:05:48.000 
001D    $01999:12-11-16 
001U    $0utf8 
001X    $00 
002@    $0Aox 
003@    $0395129923 
007A    $0395129923 $aHEB 
007T    $0Herda26667h 
010@    $apol 
011@    $a2006 
021A    $aGwardiak, Janusz. Uczestnicy działań niepodległościowo-rewolucyjnych na ziemi łomżyńskiej 1794-1918. - Łomża : Łomżyńskie Tow. Nauk. im. Wagów. -  2005 [Rezension] 
028A    $aDajnowicz $dMałgorzata 
031A    $d17 $h409-412 $j2006 
039B    $aIn $8--Abvc--. Studia Łomżyńskie. - Łomża : LTN, 1989-. - ISSN 0860-7249 $x200600000170000591 $922006993X 
039T    $8--Aax--Gwardiak, Janusz$Z1941-2020 [Tp3]. Uczestnicy działań niepodległościowo-rewolucyjnych na ziemi łomżyńskiej 1794-1918. - Łomża : Łomżyńskie Tow. Nauk. im. Wagów, 2005. - 399 s. $9395615097 
045F    $a900.9438 $eDDC23BSB 
045F/01 $a900 
045F/03 $g438 

lok: 39512992 78

exp: 39512992 78 1 #EPN
201B/01 $018-11-16 $t13:50:03.000 
201U/01 $0utf8 
203@/01 $0791428575 
208@/01 $a12-11-16 $be 
209A/01 $a/ $f000 $x00 
220C/01 $aHerkunft: PBB/IH PAN 
244Z/01 $2Trx $#Poola $#Lenkija $#Polija $#Polen Land $#Poland $#Lengyelország $#Poľsko $#Polsko $8--Trx--Polska$gkraj $x01 $9391345966 
244Z/01 $2Trx $#arvustused $#recenzijos $#Reviews $#recenziók $#recenzje $#recenzie $#recenze $8--Trx--Rezensionen $x02 $9391357441 
247C/01 $82080>Marburg/Lahn, Herder-Institut, Forschungsbibliothek, Bibliographieportal $9336309341
LEADER 00000caa a22000002c 4500
001 395129923
003 DE-603
005 20210804210548.0
007 tu
008 161112s2006 xx |||| | u00||u|pol c
035 |a (DE-599)HEB395129923 
040 |a DE-603  |b ger  |c DE-603  |d DE-603 
041 |a pol 
082 0 4 |8 1\u  |a 900.9438  |q DE-101  |2 23/BSB 
085 |8 1\u  |b 900 
085 |8 1\u  |z 2  |s 438 
100 1 |a Dajnowicz, Małgorzata 
245 0 0 |a Gwardiak, Janusz. Uczestnicy działań niepodległościowo-rewolucyjnych na ziemi łomżyńskiej 1794-1918. - Łomża : Łomżyńskie Tow. Nauk. im. Wagów. - 2005 [Rezension] 
264 0 |c 2006 
773 0 8 |i In  |t Studia Łomżyńskie  |d Łomża : LTN, 1989-  |x 0860-7249  |g Band 17 (2006), Seite 409-412  |w (DE-603)22006993X  |w (DE-600)2535583-1 
787 0 8 |i Rezension von  |a Gwardiak, Janusz, 1941-2020  |t Uczestnicy działań niepodległościowo-rewolucyjnych na ziemi łomżyńskiej 1794-1918  |d Łomża : Łomżyńskie Tow. Nauk. im. Wagów, 2005  |h 399 s.  |w (DE-603)395615097 
924 0 |9 2080  |a (DE-603)791428575  |b DE-2080  |c HES  |d d  |g /